LEADER 00963nam a2200217 i 4500 001 000000186424 003 CaOOAMICUS 005 20100226000000.0 008 100226s1962 fr u000 u fre u 013 $a164471 040 $aSeMil$bita 100 1 $aIsaac, Jules,$d<1877-1963>.$0(OLS)http://semarc/name/48676 245 12$aL'enseignement du mépris :$bvérité historique et mythes théologiques /$cJules Isaac. 260 $aParis :$bFasquelle,$c1962. 300 $a195 p. ;$c19 cm. 650 4$aIsraele - Teologia cristiana - Storia delle dottrine.$0(OLS)http://semarc/subject/35149 650 4$aAntisemitismo - Origini.$0(OLS)http://semarc/subject/1424 850 $aSeMil 852 $aSeMil$W1$xVenegono$y1$m2X II 197$j137111$B137111$CSeMilBibl$Z2$F148682 $81 996 $6245$aL'enseignement du mépris :$bvérité historique et mythes théologiques$9(OLS)http://semarc/title/267983 996 $6260$aParis :$bFasquelle$9(OLS)http://semarc/publisher/49921 LEADER 01546nam a2200277 i 4500 001 000000120080 003 CaOOAMICUS 005 20031111000000.0 008 031111s1994 it u000 u ita u 013 $a92774 040 $aSeMil$bita 100 1 $aSeminario di Studio <1993 ; Mestre>.$0(OLS)http://semarc/name/50005 245 13$aIl pluralismo culturale e religioso in Europa :$b(atti del Seminario di Studio, Mestre, 9 ottobre 1993) /$cConferenza Episcopale Triveneta Commissione Giustizia e Pace. 260 $a[Italia :$bs.n.],$cstampa 1994$e(Trieste :$fTipografia Villaggio del Fanciullo,$gstampa 1994) 300 $a91 p. :$bill., tabelle ;$c24 cm. 490 0 $aConvegno ecclesiale Nuova Europa ;$v1 500 $aA piè del front. : Iniziativa promossa dalle Commissioni Regionali Ecclesiali del Triveneto... . - Pro manuscripto. - Fondo Card. C.M. Martini. 650 4$aEuropa - Confessioni religiose.$0(OLS)http://semarc/subject/16437 700 1 $aConferenza Episcopale Triveneta : Commissione Giustizia e Pace.$0(OLS)http://semarc/name/50003 830 0$aConvegno ecclesiale Nuova Europa ;$v1.$0(OLS)http://semarc/title/13811 850 $aSeMil 852 $aSeMil$W1$xVenegono$y1$m3N V 463$j75287$B75287$CSeMilBibl$Z2$F96535 $81 941 1 $a4 961 $aOmaggio: Martini Card. Carlo Maria 996 $6245$aIl pluralismo culturale e religioso in Europa :$b(atti del Seminario di Studio, Mestre, 9 ottobre 1993)$9(OLS)http://semarc/title/176647 996 $6260$a[Italia :$bs.n.]$9(OLS)http://semarc/publisher/30058